| 000 | 00522nam a22001577a 4500 | ||
|---|---|---|---|
| 003 | NUST | ||
| 038 | _aNusrat Nadeem | ||
| 082 | _a200 | ||
| 100 |
_aSohail, Maira _9130650 |
||
| 245 |
_aAutomated Medical Report Generation through Knowledge Graph and Large Language Model/ _cMaira Sohail, |
||
| 264 |
_aIslamabad: _bSEECS NUST. _c2025. |
||
| 650 |
_aMS- Computer Science _926780 |
||
| 700 |
_aSupervisor: Dr. Fahad Ahmed Satti _9127204 |
||
| 856 | _uhttp://10.250.8.41:8080/xmlui/handle/123456789/54930 | ||
| 942 |
_2ddc _cSC |
||
| 999 |
_c614829 _d614829 |
||